Minecraft - wszystkie kwiaty (1.21.5) - Statystyki

Ogólne statystyki
  • Ten quiz został rozwiązany 362 razy
    43 od ostatniego zresetowania
  • Średni wynik to 8 z 21
Statystyki odpowiedzi
Lp Barwnik uzyskiwany z kwiatu Kwiat % Poprawnych
1 Żółty Mlecz / Dandelion
94%
3 Czerwony Mak / Poppy
89%
4 Czerwony Krzew róży / Rose bush
86%
14 Czerwony/Pomarańcz./Biały/Róż. Tulipan / Tulip
77%
2 Żółty Słonecznik / Sunflower
57%
12 Czarny Witherowa róża / Wither Rose
54%
7 Karmazynowy Czosnek / Allium
49%
13 Biały Konwalia / Lily of the Valley
43%
6 Jasnoniebieski Niebieska orchidea / Blue Orchid
40%
8 Karmazynowy Bez / Lilac
34%
5 Niebieski Chaber / Cornflower
34%
19 Szary/Pomarańczowy Okrotka / Eyeblossom
34%
9 Różowy Piwonia / Peony
34%
11 Jasnoszary Margaretka / Oxeye Daisy
20%
17 Błękitny Dzbanecznik / Pitcher Plant
17%
18 Pomarańczowy Ognisty kwiat / Torchflower
17%
21 Różowy Kwiat kaktusa / Cactus flower
14%
10 Jasnoszary Houstonia błękitna / Azure Bluet
11%
20 Żółty Polne kwiaty / Wildflowers
6%
16 Różowy Różowe kwiatki / Pink Petals
6%
15 - Pylikwiat / Spore Blossom
3%
Nie znaleziono quizów pasujących do podanych kryteriów
Rozkład punktacji
Procent ludzi z każdym wynikiem
Percentyl według liczby udzielonych odpowiedzi
Twoja historia wyników
Nie rozwiązałeś tego quizu od ostatniego zresetowania